000 00354nam a22001577a 4500
005 20260618134300.0
020 _a978-93-91793-41-8
041 _aEnglish
082 _aT13 R25 PAR
100 _aParthasarathy.NA
245 _aAathmavin Raagangal
260 _aChennai
_bCholan Publications
_c2025
300 _a250
365 _b499.00
942 _cBK
999 _c177944
_d177944